| 000 | 01157nam a22003977a 4500 | ||
|---|---|---|---|
| 003 | CHAP | ||
| 005 | 20220817044112.0 | ||
| 008 | 060517d2005 it r 00110 spa d | ||
| 010 | _a92186 | ||
| 011 | _a93158 | ||
| 020 | _a9253053224 | ||
| 035 | _a103730 | ||
| 040 | _cCHAP | ||
| 090 | _aFolleto 16853Y | ||
| 110 | 2 | _aFAO | |
| 245 | 1 | 0 |
_aCuestiones de ética en la pesca _c/por FAO |
| 260 |
_aRoma : _bFAO, _c2005. |
||
| 300 |
_a33 p. : _bilus. |
||
| 410 | 0 | 0 | _aFAO |
| 490 | 0 |
_aEstudios FAO: Cuestiones de ética _v; 4 |
|
| 590 |
_aBATCH-UPD _b10 _c20130110 _lUCH01 _h1055 |
||
| 590 |
_aBATCH-UPD _b10 _c20130410 _lUCH01 _h0650 |
||
| 590 |
_aBATCH-UPD _b10 _c20130914 _lUCH01 _h0636 |
||
| 590 |
_aBATCH-UPD _b10 _c20130914 _lUCH01 _h2142 |
||
| 590 |
_aCONVERSION _b10 _c20130109 _lUCH01 _h1351 |
||
| 650 | 1 | 4 |
_aBioética. _912837 |
| 650 | 1 | 4 |
_aPesca sostenible. _987440 |
| 650 | 1 | 4 | _aPesca. |
| 650 | 1 | 4 |
_aPesca _xLeyes. _987396 |
| 810 | 0 | _aFAO | |
| 830 | 0 |
_aEstudios FAO: Cuestiones de ética _v; 4 _938543 |
|
| 901 | _aBK | ||
| 905 | _aAlejandra Carrasco M. | ||
| 942 | _cFOLL | ||
| 949 |
_aFolleto 16853Y _bBC _cFOLL _d33724002003280 _eTS1 _i103730 _sb |
||
| 999 |
_c92186 _d92186 |
||